|
|
|
|
| LEADER |
00000cam a2200000 7i4500 |
| 001 |
0000003038 |
| 005 |
20151222.0 |
| 008 |
070717 |
| 020 |
|
|
|a 9832671531(set)
|
| 020 |
|
|
|a 9832671590
|
| 090 |
0 |
0 |
|a JF
|b AD ENG
|
| 100 |
0 |
|
|a Sasikala Nallaya
|
| 245 |
1 |
4 |
|a The new neighbour
|c Sasikala Nallaya
|
| 260 |
|
|
|a Kuala Lumpur :
|b Penerbit Era Didik ,
|c 2006
|
| 440 |
|
0 |
|a Ghosts in the city
|
| 500 |
|
|
|a Children ages 7-9 years old (orange)
|
| 650 |
|
0 |
|a Readers
|x Fiction
|
| 650 |
|
0 |
|a Readers
|x Ghost stories
|
| 710 |
0 |
|
|a Title
|
| 999 |
|
|
|a 0000962943
|b Book
|c Children Collection
|e Perbadanan Perpustakaan Awam Johor
|
| 999 |
|
|
|a 0000962944
|b Book
|c Children Collection
|e Perbadanan Perpustakaan Awam Johor
|
| 999 |
|
|
|a 0000962945
|b Book
|c Children Collection
|e Cawangan Tmn. Ungku Tun Aminah
|
| 999 |
|
|
|a 0001058744
|b Book
|c Children Collection
|e Perbadanan Perpustakaan Awam Johor
|
| 999 |
|
|
|a 0001086291
|b Book
|c Children Collection
|e Cawangan Taman Universiti
|